[Event "Miskolc Avas op"]
[Site "Miskolc"]
[Date "1999.??.??"]
[Round "3"]
[White "Toth, Jozsef"]
[Black "Pikovszki, Janos"]
[Result "1-0"]
[WhiteElo "2085"]
[BlackElo "2000"]
[PlyCount "121"]
[EventDate "1999.??.??"]
[Source "www.chesslib.no"]
[SourceDate "2004.05.04"]

1. e4 c5 2. Nf3 d6 3. b4 b6 4. bxc5 bxc5 5. Bc4 e6 6. Nc3 Ba6 7. Qe2 Bxc4 8. Qxc4 Nf6 9. e5 d5 10. Qb5+ Nfd7 11. Qb7 Nb6 12. Rb1 N8d7 13. Nb5 Qc8 14. Nc7+ Kd8 15. Qxc8+ Rxc8 16. Na6 Be7 17. O-O Rc6 18. d3 h6 19. Bd2 Kc8 20. Rb5 Na8 21. Ra5 Kb7 22. Rb1+ Rb6 23. Rb3 Rc8 24. d4 Rxb3 25. axb3 Rc6 26. Nxc5+ Nxc5 27. dxc5 Bxc5 28. Kf1 Bb6 29. Ra2 Nc7 30. Bb4 a6 31. Bf8 Ne8 32. Ne1 Bd4 33. Nd3 Rc8 34. f4 h5 35. h3 g6 36. Bb4 Rc6 37. Ke2 Nc7 38. Kf3 Nb5 39. g4 hxg4+ 40. Kxg4 Nc3 41. Bxc3 Bxc3 42. Kg5 a5 43. Kf6 Rc7 44. Ra4 Kb6 45. Nf2 Be1 46. Nd3 Bc3 47. f5 exf5 48. Rh4 f4 49. Rxf4 g5 50. Rf2 Bd4 51. Re2 Kc6 52. Kxg5 Re7 53. Kf6 Kd7 54. h4 Ke8 55. Nf4 Rd7 56. h5 Bc3 57. h6 Kf8 58. h7 Rd6+ 59. Kg5 Bxe5 60. Rxe5 Kg7 61. Re7 1-0

[Event "It (Men) Copenhagen DEN"]
[Site "?"]
[Date "2005.07.17"]
[Round "3"]
[White "Schultz Pedersen Jesper"]
[Black "Moller Arne"]
[Result "1-0"]
[WhiteElo "2157"]
[BlackElo "1900"]
[PlyCount "33"]
[EventDate "2005.??.??"]
[Source "www.chesslib.no"]
[SourceDate "2004.05.04"]

1. e4 c5 2. Nf3 d6 3. b4 cxb4 4. d4 Nf6 5. Nbd2 e6 6. Bd3 Be7 7. Bb2 O-O 8. h4 Nbd7 9. e5 dxe5 10. dxe5 Ng4 11. Bxh7+ Kxh7 12. Ng5+ Bxg5 13. hxg5+ Kg6 14. Qxg4 Qxg5 15. Qh3 f6 16. Ne4 Qf5 17. Qh7+ 1-0

[Event "V Highlands Open A"]
[Site "Zdar nad Sazavou CEC"]
[Date "2008.09.21"]
[Round "2"]
[White "Nytrova, A."]
[Black "Haba, Z."]
[Result "0-1"]
[WhiteElo "1843"]
[BlackElo "2204"]
[PlyCount "94"]
[EventDate "2008.09.20"]
[Source "www.chesslib.no"]
[SourceDate "2004.05.04"]

1. e4 c5 2. Nf3 d6 3. b4 cxb4 4. a3 Nf6 5. Bb5+ Bd7 6. Qe2 Bxb5 7. Qxb5+ Qd7 8. Qxb4 Nc6 9. Qc4 Qg4 10. O-O Qxe4 11. Qb3 Rb8 12. Re1 Qf5 13. d3 e6 14. Nc3 Be7 15. h3 O-O 16. Ne4 Nxe4 17. Rxe4 Bf6 18. Rb1 Rfc8 19. Rf4 Qh5 20. Bb2 Bxb2 21. Qxb2 e5 22. Rh4 Qf5 23. Qc1 h6 24. Rg4 Qe6 25. Qe3 f5 26. Rh4 Re8 27. Re1 Qf6 28. Rh5 Qg6 29. Rh4 f4 30. Qd2 Qf6 31. d4 Nxd4 32. Rg4 h5 33. Nxd4 hxg4 34. Nb5 gxh3 35. Nxd6 Rbd8 36. Nxe8 Rxd2 37. Nxf6+ gxf6 38. gxh3 Rxc2 39. Rd1 Rc3 40. Rd8+ Kf7 41. Rd7+ Kg6 42. Rxb7 Rxa3 43. Kg2 a5 44. h4 a4 45. f3 Ra2+ 46. Kh3 Rf2 47. Rb8 Rxf3+ 0-1

[Event "US Open"]
[Site "New York, NY USA"]
[Date "1974.??.??"]
[Round "1"]
[White "Nasz"]
[Black "Popovych, Orest"]
[Result "0-1"]
[WhiteElo "1699"]
[BlackElo "2320"]
[PlyCount "72"]
[EventDate "1974.08.??"]
[Source "www.chesslib.no"]
[SourceDate "2004.05.04"]

1. e4 c5 2. Nf3 d6 3. b4 cxb4 4. d4 Nf6 5. Bb5+ Bd7 6. Qe2 Bxb5 7. Qxb5+ Qd7 8. Qd3 e6 9. a3 Na6 10. Bd2 Qc6 11. d5 exd5 12. exd5 Qxd5 13. Qe2+ Qe4 14. Be3 Be7 15. Nbd2 Qc6 16. O-O O-O 17. Nd4 Qd7 18. Rfb1 bxa3 19. Rxa3 d5 20. Rc3 Rfe8 21. Qf3 Nc5 22. Nf5 Nce4 23. Nxe4 dxe4 24. Qh3 Rad8 25. Bd4 Bf8 26. Rg3 Kh8 27. Re1 Re6 28. Qh4 Ra6 29. Qg5 Qc6 30. c3 Rd5 31. c4 Rda5 32. c5 Qd5 33. f4 h6 34. Nxh6 Qxd4+ 35. Kh1 gxh6 36. Rh3 Ra1 0-1

[Event "Corr"]
[Site "?"]
[Date "1999.??.??"]
[Round "?"]
[White "Neumann Ulrich"]
[Black "Alvarez Roberto Gabriel"]
[Result "0-1"]
[WhiteElo "1381"]
[BlackElo "2557"]
[PlyCount "88"]
[EventDate "1999.??.??"]
[Source "www.chesslib.no"]
[SourceDate "2004.05.04"]

1. e4 c5 2. Nf3 d6 3. b4 cxb4 4. d4 Nf6 5. Bd3 e6 6. O-O Be7 7. Re1 Nc6 8. Bb2 d5 9. e5 Nd7 10. a3 Nb6 11. axb4 Nxb4 12. Bf1 Bd7 13. c3 Nc6 14. Na3 a6 15. Bd3 Na7 16. Qb1 Rc8 17. Bxh7 Na4 18. Bc2 Nxc3 19. Bxc3 Rxc3 20. Qxb7 Bxa3 21. Qxa7 Bb2 22. Rxa6 Rxc2 23. Qb7 Bc1 24. Ra8 Bc8 25. Qb3 Rc4 26. Qb5+ Qd7 27. Qxd7+ Kxd7 28. Ra7+ Ke8 29. Rd1 Rf8 30. h3 Bd7 31. Rd3 Ke7 32. Rb3 Ra4 33. Rab7 Rc8 34. Kh2 Rac4 35. g3 R8c7 36. Rxc7 Rxc7 37. Ne1 Bd2 38. Rb1 Rc3 39. Kg2 Rc1 40. Rxc1 Bxc1 41. Nd3 Bd2 42. Kf3 Bb5 43. Ke2 Be1 44. Kxe1 Bxd3 0-1

[Event "Mfr.2004/05"]
[Site "?"]
[Date "2004.10.17"]
[Round "1.2"]
[White "Vogiatzis Dimitrios"]
[Black "Basting Steffen"]
[Result "0-1"]
[WhiteElo "1966"]
[BlackElo "1933"]
[PlyCount "100"]
[EventDate "2004.??.??"]
[Source "www.chesslib.no"]
[SourceDate "2004.05.04"]

1. e4 c5 2. Nf3 d6 3. b4 cxb4 4. d4 Nf6 5. Bd3 g6 6. a3 bxa3 7. Nxa3 Bg7 8. O-O O-O 9. c3 Nbd7 10. Qe2 a6 11. e5 dxe5 12. dxe5 Nd5 13. e6 Nxc3 14. exf7+ Kh8 15. Qc2 Nc5 16. Bxg6 hxg6 17. Qxg6 Qd3 18. Qh5+ Qh7 19. Qxc5 Ne2+ 20. Kh1 Bxa1 21. Ng5 Qg7 22. Qc4 Nd4 23. Nc2 Nf5 24. Nxa1 Qxa1 25. Qb3 Qg7 26. Bb2 e5 27. f4 Nd4 28. Qg3 Rxf7 29. Nxf7+ Qxf7 30. Qh4+ Kg7 31. Qg5+ Kh7 32. Qxe5 Nf5 33. Rf3 Be6 34. h3 Rd8 35. Kh2 Nh6 36. f5 Bxf5 37. Rg3 Rg8 38. Rxg8 Nxg8 39. Qh8+ Kg6 40. h4 Qc7+ 41. Be5 Qh7 42. Qxh7+ Kxh7 43. Kg3 Be4 44. Kf2 Nh6 45. Bc7 Kg6 46. g3 Kf5 47. Ke3 Bc6 48. Kd4 Kg4 49. Ke3 Nf5+ 50. Kf2 b5 0-1

[Event "Wingst (08.04.-16.04)"]
[Site "?"]
[Date "2003.04.12"]
[Round "5"]
[White "Maslicic Peter"]
[Black "Perk Egbert"]
[Result "0-1"]
[WhiteElo "1783"]
[BlackElo "2002"]
[PlyCount "38"]
[EventDate "2003.??.??"]
[Source "www.chesslib.no"]
[SourceDate "2004.05.04"]

1. e4 c5 2. Nf3 d6 3. b4 cxb4 4. Bb2 e6 5. a3 Nf6 6. d3 d5 7. e5 Nfd7 8. axb4 Bxb4+ 9. c3 Be7 10. Bc1 O-O 11. d4 f6 12. Bd3 fxe5 13. dxe5 Nc5 14. Bc2 Qe8 15. O-O Nbd7 16. Re1 b6 17. Re3 Qh5 18. Qe1 Bb7 19. g4 Bg5 0-1

[Event "Koblenz"]
[Site "?"]
[Date "2002.10.24"]
[Round "2"]
[White "Melnikov Alexander"]
[Black "Pandorf Horst"]
[Result "1/2-1/2"]
[WhiteElo "2022"]
[BlackElo "1744"]
[PlyCount "138"]
[EventDate "2002.??.??"]
[Source "www.chesslib.no"]
[SourceDate "2004.05.04"]

1. e4 c5 2. Nf3 d6 3. b4 cxb4 4. d4 e6 5. a3 d5 6. e5 Nc6 7. axb4 Bxb4+ 8. c3 Be7 9. Bd3 Qc7 10. O-O f6 11. Re1 fxe5 12. dxe5 Bc5 13. Ba3 Nce7 14. Nd4 Bxd4 15. cxd4 Nh6 16. Bd6 Qd8 17. Na3 Bd7 18. Qh5+ Kf8 19. Re3 Kg8 20. g4 Be8 21. Qh3 Ng6 22. Rc1 Rc8 23. Rxc8 Qxc8 24. Qf3 Nf7 25. Bxg6 hxg6 26. Rc3 Bc6 27. Nb5 Nxd6 28. Nxa7 Qd7 29. Nxc6 bxc6 30. exd6 Qxd6 31. Qg3 Qxg3+ 32. hxg3 Kf7 33. Rxc6 Rb8 34. Rc7+ Kf6 35. Rc3 Rb4 36. Rd3 g5 37. Kg2 e5 38. dxe5+ Kxe5 39. Kf3 d4 40. Ra3 Rb7 41. Ra5+ Kf6 42. Ke4 Rb2 43. Rf5+ Kg6 44. Rf3 Ra2 45. Rf8 Rb2 46. f4 Rb3 47. Rf5 Rxg3 48. Rxg5+ Kf6 49. Kxd4 g6 50. Ke4 Rg1 51. Kf3 Rf1+ 52. Kg3 Rc1 53. Re5 Rg1+ 54. Kh3 Rh1+ 55. Kg2 Rb1 56. g5+ Kf7 57. Kf3 Rf1+ 58. Ke4 Rf2 59. Ra5 Rf1 60. Ra3 Rb1 61. Ra5 Rb6 62. f5 gxf5+ 63. Kxf5 Kg7 64. Ra7+ Kg8 65. Kg4 Rc6 66. Kh5 Rb6 67. Rc7 Ra6 68. Rb7 Rc6 69. g6 Rc1 1/2-1/2

[Event "Baden Ch HT2"]
[Site "Hockenheim GER"]
[Date "1994.??.??"]
[Round "4"]
[White "Lauer, Roland"]
[Black "Freck, Klaus"]
[Result "1-0"]
[WhiteElo "1920"]
[BlackElo "1835"]
[PlyCount "55"]
[EventDate "1994.??.??"]
[Source "www.chesslib.no"]
[SourceDate "2004.05.04"]

1. e4 c5 2. Nf3 d6 3. b4 b6 4. bxc5 dxc5 5. Bb5+ Bd7 6. Bxd7+ Nxd7 7. O-O e5 8. c3 g6 9. d4 Bg7 10. Be3 Ne7 11. d5 O-O 12. Na3 a6 13. Bg5 f6 14. Be3 Nc8 15. Qd3 Nd6 16. Nc4 Nxc4 17. Qxc4 b5 18. Qd3 c4 19. Qd2 Qc7 20. a4 Rfd8 21. Rfb1 Nc5 22. Bxc5 Qxc5 23. Qe3 Bf8 24. Qxc5 Bxc5 25. Kf1 f5 26. Ng5 fxe4 27. Nxe4 Rxd5 28. Nf6+ 1-0

[Event "Wingst (08.04.-16.04)"]
[Site "?"]
[Date "2003.04.11"]
[Round "4"]
[White "Maslicic Peter"]
[Black "Boettger Reiner"]
[Result "1-0"]
[WhiteElo "1783"]
[BlackElo "1950"]
[PlyCount "67"]
[EventDate "2003.??.??"]
[Source "www.chesslib.no"]
[SourceDate "2004.05.04"]

1. e4 c5 2. Nf3 d6 3. b4 cxb4 4. Bb2 e6 5. a3 Nf6 6. d3 d5 7. e5 Nfd7 8. axb4 Bxb4+ 9. c3 Be7 10. d4 O-O 11. Bd3 Nc6 12. Qc2 h6 13. Bc1 f6 14. Qe2 fxe5 15. dxe5 Qc7 16. Na3 Ncxe5 17. Nb5 Nxf3+ 18. gxf3 Qe5 19. Be3 a6 20. f4 Qf6 21. Rg1 Nc5 22. Bd4 Nxd3+ 23. Qxd3 Qf7 24. Rxg7+ Qxg7 25. Bxg7 Kxg7 26. Ke2 Bf6 27. Rg1+ Bg5 28. Nc7 Ra7 29. fxg5 h5 30. g6 b6 31. Qd4+ Kg8 32. Qe5 Rf5 33. Qd6 Rf8 34. g7 1-0

[Event "Duisburg"]
[Site "?"]
[Date "2004.05.29"]
[Round "3.34"]
[White "Pittag Andreas"]
[Black "Niemers Johannes"]
[Result "0-1"]
[WhiteElo "1706"]
[BlackElo "2027"]
[PlyCount "118"]
[EventDate "2004.??.??"]
[Source "www.chesslib.no"]
[SourceDate "2004.05.04"]

1. e4 c5 2. Nf3 d6 3. b4 cxb4 4. a3 bxa3 5. Nxa3 Nf6 6. Bb5+ Nc6 7. d3 g6 8. Nc4 Bg7 9. Be3 Bd7 10. Bxc6 bxc6 11. Bd4 O-O 12. e5 dxe5 13. Bxe5 Bg4 14. Ne3 Bxf3 15. Qxf3 Nd5 16. Bxg7 Kxg7 17. O-O a5 18. Ra4 Nxe3 19. fxe3 Qc7 20. Qf4 Qxf4 21. Rfxf4 Rfb8 22. Rfc4 Ra6 23. Kf2 Rb5 24. d4 Kf6 25. e4 Ke6 26. h3 Rab6 27. c3 Kd7 28. Kf3 f6 29. Kf4 e5+ 30. Ke3 Kd6 31. Kd3 Kc7 32. Ke3 exd4+ 33. Kxd4 Rg5 34. g4 Rb1 35. Rc5 Rxc5 36. Kxc5 Rb5+ 37. Kd4 Kb6 38. Kc4 Rb2 39. Ra3 Rh2 40. Rb3+ Kc7 41. Ra3 Rxh3 42. Rxa5 Kb6 43. Ra8 Rg3 44. Rb8+ Kc7 45. Rh8 Kd6 46. Rxh7 Rxg4 47. Kd3 Rg3+ 48. Kd4 c5+ 49. Kc4 Re3 50. Rh4 g5 51. Rh6 Rxe4+ 52. Kb5 Rf4 53. Rh8 Rf1 54. Rd8+ Ke5 55. Kxc5 g4 56. Rd5+ Ke4 57. Rd4+ Kf3 58. Rd5 g3 59. Rf5+ Ke2 0-1

[Event "Koblenz"]
[Site "?"]
[Date "2002.11.14"]
[Round "4"]
[White "Melnikov Alexander"]
[Black "Daum Holger"]
[Result "0-1"]
[WhiteElo "2022"]
[BlackElo "1696"]
[PlyCount "66"]
[EventDate "2002.??.??"]
[Source "www.chesslib.no"]
[SourceDate "2004.05.04"]

1. e4 c5 2. Nf3 d6 3. b4 cxb4 4. d4 Nf6 5. Bd3 e6 6. Nbd2 Be7 7. a3 Nc6 8. Bb2 d5 9. O-O a6 10. Re1 O-O 11. e5 Nd7 12. c4 bxc3 13. Bxc3 b5 14. Nb3 Nb6 15. Na5 Qc7 16. Qb1 h6 17. Bb4 Nxa5 18. Bxa5 Qb8 19. Bxb6 Qxb6 20. a4 Bd7 21. h4 b4 22. a5 Qd8 23. h5 Qb8 24. Re3 Rc8 25. Nd2 Bg5 26. f4 Bxf4 27. Rf3 Bxd2 28. Bh7+ Kh8 29. Qd3 Be8 30. Bg6 Bc3 31. Bxf7 Bxa1 32. Bxe6 Bxh5 33. Rh3 Rc3 0-1

[Event "Corr"]
[Site "?"]
[Date "1999.06.02"]
[Round "?"]
[White "MacDonald Weldon"]
[Black "Kehn Alfred"]
[Result "0-1"]
[WhiteElo "1347"]
[BlackElo "1145"]
[PlyCount "34"]
[EventDate "1999.??.??"]
[Source "www.chesslib.no"]
[SourceDate "2004.05.04"]

1. e4 c5 2. Nf3 d6 3. b4 cxb4 4. d4 Nf6 5. Bd3 e5 6. dxe5 dxe5 7. Nxe5 Be6 8. O-O Qc7 9. Bf4 Bd6 10. Bb5+ Ke7 11. Nxf7 Bxf4 12. Nxh8 Bxh2+ 13. Kh1 Be5 14. c3 bxc3 15. Qc2 Nbd7 16. Na3 Rxh8 17. Rac1 Qc5 0-1

[Event "Corr"]
[Site "?"]
[Date "1999.06.01"]
[Round "?"]
[White "Neumann Ulrich"]
[Black "Janning Henning"]
[Result "0-1"]
[WhiteElo "1376"]
[BlackElo "1111"]
[PlyCount "46"]
[EventDate "1999.??.??"]
[Source "www.chesslib.no"]
[SourceDate "2004.05.04"]

1. e4 c5 2. Nf3 d6 3. b4 cxb4 4. d4 Nf6 5. Bd3 Bg4 6. O-O d5 7. e5 Ne4 8. Re1 Nc6 9. Bxe4 dxe4 10. Rxe4 Bxf3 11. gxf3 f5 12. exf6 gxf6 13. d5 f5 14. Re3 Bg7 15. c3 Rg8 16. Kh1 Qd7 17. a3 bxc3 18. Nxc3 f4 19. Rd3 Bxc3 20. Bxf4 Bxa1 21. dxc6 Qh3 22. Bg3 Be5 23. cxb7 Rb8 0-1